| 000 | 00362nam a2200133Ia 4500 | ||
|---|---|---|---|
| 005 | 20251222154326.0 | ||
| 008 | 251222s9999||||xx |||||||||||||| ||spa|| | ||
| 082 | _a231/M26 | ||
| 100 | _aMartÃn del Molino, Amador | ||
| 245 | 0 | _aDios Quiere Hablarnos Hoy: Breve introducción a la Biblia | |
| 250 | _a2da.ed. | ||
| 264 | _bMisioneros Claretianos | ||
| 942 | _cLIB | ||
| 999 |
_c33971 _d33971 |
||